000 00461nam a22001697a 4500
999 _c23844
_d23844
003 NUST
008 140422b xxu||||| |||| 00| 0 eng d
020 _a9780387894447
_cAvailable
038 _aNusrat Nadeem
050 _b002554
082 _a616.99 ZAH
100 _a Siddik Zahid H
_921383
245 _aDrug Resistance in Cancer Cells
_cZahid H Siddik
260 _aUSA
_bSpringer
_c2009
538 _iBioinformatics Lab (Photocopy Book)
942 _2ddc
_cBK